Central Library OPAC University of Rajshahi

Social and cultural mobility / (Record no. 34507)

MARC details
000 -LEADER
fixed length control field 00870cam a2200241 a 4500
001 - CONTROL NUMBER
control field 34507
003 - CONTROL NUMBER IDENTIFIER
rucl marc code BD-RjUL
005 - DATE AND TIME OF LATEST TRANSACTION
control field 20211209052154.0
008 - FIXED-LENGTH DATA ELEMENTS--GENERAL INFORMATION
fixed length control field 140517s1959 e 001 0 eng d
035 ## - SYSTEM CONTROL NUMBER
System control number OCLC ocm01316653 from D961120M
-- BD-RjUL)34601
040 ## - CATALOGING SOURCE
Original cataloging agency ORL
Transcribing agency ORL
Modifying agency OCL
-- UKM
-- EQO
Language of cataloging eng
041 ## - LANGUAGE CODE
Language code of text/sound track or separate title eng
082 04 - DEWEY DECIMAL CLASSIFICATION NUMBER
Classification number 301
Author mark and year SOS 1964
100 1# - MAIN ENTRY--PERSONAL NAME
Personal name Sorokin, Pitirim Aleksandrovich
Dates associated with a name 1889-1968.
9 (RLIN) 104960
245 10 - TITLE STATEMENT
Title Social and cultural mobility /
Statement of responsibility, etc. Pitirim A. Sorokin.
260 ## - PUBLICATION, DISTRIBUTION, ETC. (IMPRINT)
Place of publication, distribution, etc. Glencoe [Ill.] :
Name of publisher, distributor, etc. Free Press ;
Place of publication, distribution, etc. London :
Name of publisher, distributor, etc. Collier-Macmillan,
Date of publication, distribution, etc. 1964.
300 ## - PHYSICAL DESCRIPTION
Pagination xiii, 645 p. ;
Size 21 cm.
490 0# - SERIES STATEMENT
Series statement Free Press paperback
500 ## - GENERAL NOTE
General note "Containing complete reprints of [the author's] Social mobility and chapter V from volume IV of Social and cultural dynamics."
650 #0 - SUBJECT ADDED ENTRY--TOPICAL TERM
Topical term or geographic name as entry element Sociology.
9 (RLIN) 104961
Topical term or geographic name as entry element Social history.
9 (RLIN) 104962
942 ## - ADDED ENTRY ELEMENTS (KOHA)
Source of classification or shelving scheme Dewey Decimal Classification
Koha item type Books
Holdings
Lost status Source of classification or shelving scheme Damaged status Not for loan Collection code Permanent Location Current Location Shelving location Date acquired Source of acquisition Cost, normal purchase price Total Checkouts Full call number Date last seen Copy number Koha item type
  Dewey Decimal Classification   Not For Loan Non-fiction Central Library, University of Rajshahi Central Library, University of Rajshahi Reading Room 30/09/1965 Zeitlinger 0.00   301 SOS 1964 17/05/2014 C-1 Books
  Dewey Decimal Classification     Non-fiction Central Library, University of Rajshahi Central Library, University of Rajshahi   27/09/1965 zeithinger 75.00   301 SOS 1964 17/05/2014 C-2 Books